| 000 | 00698nam a2200181 i 4500 | ||
|---|---|---|---|
| 001 | 172542 | ||
| 003 | ES-MaACL | ||
| 005 | 20230906214941.0 | ||
| 008 | 090716s1878 fr |||| | fre d | ||
| 080 | _a821.133.1-2"17" | ||
| 100 | 0 |
_aSedaine, Michel-Jean. _9105062 |
|
| 245 | 1 | 0 |
_aThéatre de Sedaine / _cavec une introduction par M. Louis Moland. |
| 260 |
_aParis : _bGarnier Frères, _c1878. |
||
| 300 |
_aXLIV, 461, 36 p. ; _c19 cm. |
||
| 505 | 8 | _aContiene : Le Diable à quatre ; Le Roi et le Fermier ; Rose et Colas ; Le Philosophe sans le savoir ; La Gageure imprévue ; Le Déserteur ; Richard Coeur de Lion | |
| 700 | 0 |
_aMoland, Louis. _981839 |
|
| 852 |
_aES-MaACL _jE-12859 _9R.139457 |
||
| 999 |
_c172542 _d172542 |
||